[Event "I Festival del Fermano A"]
[Site "Fermo ITA"]
[Date "2010.08.25"]
[Round "5"]
[White "Movileanu, Daniela"]
[Black "Damia, Angelo"]
[WhiteElo "1867"]
[BlackElo "2281"]
[Result "0-1"]
[PlyCount "82"]
[EventDate "2010.08.21"]

1. e4 Nf6 2. e5 Nd5 3. d4 d6 4. Nf3 g6 5. Bc4 Nb6 6. Bb3 Bg7 7. Qe2 d5 8. O-O
Bg4 9. c3 O-O 10. Bf4 e6 11. Nbd2 N8d7 12. h3 Bxf3 13. Nxf3 c5 14. Qd2 cxd4 15.
cxd4 Nc4 16. Bxc4 dxc4 17. Bh6 Nb6 18. Rfe1 Nd5 19. Bg5 Qd7 20. Re4 b5 21. Rh4
a5 22. Bh6 Bxh6 23. Qxh6 f6 24. Re1 f5 25. Qg5 Rf7 26. Qd2 Qe7 27. Ng5 Rg7 28.
g4 b4 29. Nf3 Rf8 30. g5 Rc8 31. Rc1 Rc6 32. Qe2 c3 33. bxc3 Nxc3 34. Qd2 Ne2+
35. Qxe2 Rxc1+ 36. Kg2 Qb7 37. Rf4 Rd7 38. Kh2 Qc6 39. Ne1 Qc4 40. Qe3 Rc3 41.
Qd2 Ra3 0-1

[Event "I Festival del Fermano A"]
[Site "Fermo ITA"]
[Date "2010.08.25"]
[Round "5"]
[White "Naumkin, Igor"]
[Black "Epishin, Vladimir V."]
[WhiteElo "2466"]
[BlackElo "2598"]
[Result "0-1"]
[PlyCount "78"]
[EventDate "2010.08.21"]

1. d4 Nf6 2. c4 e6 3. Nf3 b6 4. g3 Ba6 5. b3 d5 6. Bg2 dxc4 7. Ne5 Bb4+ 8. Kf1
c6 9. bxc4 Bb7 10. Bb2 O-O 11. Nd3 a5 12. Nd2 Nbd7 13. Qc2 Re8 14. Rd1 Qb8 15.
Nf3 Ra7 16. c5 bxc5 17. dxc5 e5 18. Ng5 Ba6 19. Bxc6 h6 20. h4 Bxd3 21. Rxd3
Qc8 22. Rd6 Bxc5 23. Rxf6 Nxf6 24. Bxe8 hxg5 25. Ba4 Rc7 26. hxg5 Bxf2 27. Qb1
Qb7 28. Kxf2 Ng4+ 29. Kg1 Qb6+ 30. Kg2 Qf2+ 31. Kh3 Qxe2 32. Qe1 Qxb2 33. Kxg4
Rc4+ 34. Kh5 Rxa4 35. g6 fxg6+ 36. Kg5 e4 37. Kh4 Qf6+ 38. Kh3 Qe6+ 39. g4 Ra3+
0-1

[Event "I Festival del Fermano A"]
[Site "Fermo ITA"]
[Date "2010.08.25"]
[Round "5"]
[White "Pap, Gyula"]
[Black "Borgiani, Flavio"]
[WhiteElo "2508"]
[BlackElo "2194"]
[Result "1-0"]
[PlyCount "57"]
[EventDate "2010.08.21"]

1. d4 e6 2. c4 c5 3. d5 exd5 4. cxd5 d6 5. Nc3 g6 6. e4 Bg7 7. Nf3 Ne7 8. h4
Bg4 9. Qa4+ Nd7 10. Nh2 h5 11. f3 Nf5 12. Bg5 f6 13. Bf4 g5 14. fxg4 Nxh4 15.
Bg3 hxg4 16. O-O-O a6 17. Bxd6 b5 18. Qc2 Qb6 19. Bg3 Ng6 20. Be2 Nf4 21. Nxg4
O-O-O 22. Rxh8 Rxh8 23. d6 Qa5 24. Kb1 Ne6 25. Nd5 Kb7 26. Bf2 Rc8 27. Ne7 Rd8
28. e5 Qa4 29. b3 1-0

[Event "I Festival del Fermano A"]
[Site "Fermo ITA"]
[Date "2010.08.25"]
[Round "5"]
[White "Panjkovic, Aleksandar"]
[Black "Dervishi, Erald"]
[WhiteElo "2121"]
[BlackElo "2557"]
[Result "1/2-1/2"]
[PlyCount "98"]
[EventDate "2010.08.21"]

1. c4 Nf6 2. g3 e6 3. Bg2 d5 4. Nf3 Be7 5. O-O O-O 6. b3 b6 7. Bb2 Bb7 8. e3 c5
9. Nc3 Nbd7 10. cxd5 exd5 11. d4 Qc7 12. dxc5 bxc5 13. Rc1 Rfd8 14. Qc2 Rac8
15. Rfd1 Qb8 16. Nh4 Qa8 17. Nf5 Bf8 18. Nb5 Qb8 19. Nc3 Ne5 20. f4 Neg4 21. h3
Nxe3 22. Nxe3 d4 23. Nc4 dxc3 24. Bxc3 Rxd1+ 25. Rxd1 Bxg2 26. Qxg2 Rd8 27.
Rxd8 Qxd8 28. Qd2 Qe7 29. Be5 h5 30. Qd3 Qe6 31. Kh2 Nd7 32. Bc3 g6 33. Ne5
Nxe5 34. Bxe5 Be7 35. Qe4 Kh7 36. Qc4 Qxc4 37. bxc4 f6 38. Bb8 a6 39. g4 hxg4
40. hxg4 f5 41. g5 Kg7 42. Kg3 Kf7 43. Kf3 Ke6 44. Ke3 Bd8 45. Kd3 Ba5 46. Be5
Kd7 47. Bc3 Bc7 48. Ke3 Kc6 49. a4 Kb6 1/2-1/2

[Event "I Festival del Fermano A"]
[Site "Fermo ITA"]
[Date "2010.08.25"]
[Round "5"]
[White "Piro, Valerio"]
[Black "Vuelban, Virgilio"]
[WhiteElo "2051"]
[BlackElo "2358"]
[Result "0-1"]
[PlyCount "76"]
[EventDate "2010.08.21"]

1. Nf3 Nf6 2. c4 e6 3. Nc3 d5 4. cxd5 exd5 5. d4 c6 6. Bg5 Bd6 7. e3 O-O 8. Bd3
Bg4 9. O-O Nbd7 10. a3 Qb8 11. h3 Be6 12. Ne2 h6 13. Bf4 Nh5 14. Bxd6 Qxd6 15.
Qd2 g5 16. g4 Ng7 17. Nh2 f5 18. f3 Nf6 19. Kg2 h5 20. gxf5 Bxf5 21. Ng3 Bd7
22. e4 dxe4 23. Bc4+ Be6 24. Bxe6+ Nxe6 25. Nf5 Nf4+ 26. Kh1 Qd7 27. Ne3 Nxh3
28. Qg2 Qe6 29. f4 Ng4 30. Nhxg4 hxg4 31. f5 Qh6 32. Nxg4 Qh4 33. Nh2 Rae8 34.
Rae1 Rxf5 35. Rxf5 Qxe1+ 36. Nf1 Qh4 37. Qg3 e3 38. Qxh4 gxh4 0-1

[Event "I Festival del Fermano A"]
[Site "Fermo ITA"]
[Date "2010.08.25"]
[Round "5"]
[White "Rebeggiani, Luca"]
[Black "Fierro Baquero, Martha Lorena"]
[WhiteElo "2036"]
[BlackElo "2372"]
[Result "0-1"]
[PlyCount "72"]
[EventDate "2010.08.21"]

1. c4 g6 2. Nc3 Bg7 3. g3 Nf6 4. Bg2 O-O 5. e4 c5 6. Nge2 Nc6 7. d3 d6 8. O-O
Rb8 9. f4 a6 10. a4 Bd7 11. h3 Ne8 12. f5 Nd4 13. fxg6 hxg6 14. a5 Nc7 15. Nd5
Nxd5 16. exd5 b5 17. axb6 Rxb6 18. Ra2 Qb8 19. Re1 Be5 20. Nxd4 Bxd4+ 21. Kh2
Re8 22. Re2 Bf5 23. Be4 Qc8 24. Qf1 Bxe4 25. Rxe4 Qb7 26. Re2 Rb3 27. Qd1 Rb8
28. Qc2 Qd7 29. g4 Be5+ 30. Kg2 e6 31. dxe6 Qxe6 32. Rxa6 Qc8 33. Ra2 Qc6+ 34.
Re4 f5 35. gxf5 gxf5 36. Qe2 R3b7 0-1

[Event "I Festival del Fermano A"]
[Site "Fermo ITA"]
[Date "2010.08.25"]
[Round "5"]
[White "Tomini, Marco"]
[Black "Suppa, Ercole"]
[WhiteElo "2043"]
[BlackElo "2121"]
[Result "0-1"]
[PlyCount "90"]
[EventDate "2010.08.21"]

1. d4 c5 2. d5 f5 3. c4 g6 4. Bd2 Bg7 5. Bc3 Nf6 6. Nf3 O-O 7. Nbd2 Na6 8. e3
Nc7 9. a4 b6 10. Bd3 d6 11. O-O Rb8 12. e4 e5 13. dxe6 Nxe6 14. exf5 Nf4 15.
Bc2 gxf5 16. Re1 Rb7 17. Nh4 Ng4 18. Ndf3 Bxc3 19. bxc3 Rg7 20. Qd2 Ng6 21.
Nxg6 Rxg6 22. Qd5+ Kh8 23. Rad1 Qf6 24. h3 Nh6 25. Re3 Rfg8 26. Ne1 Qg7 27. Rg3
Rd8 28. Rxg6 hxg6 29. Rd3 Bb7 30. Qe6 Bc6 31. Rg3 Re8 32. Qxd6 Rxe1+ 33. Kh2
Be8 34. Qd2 Re7 35. Qd8 Kh7 36. f4 Re1 37. a5 Qe7 38. Qc8 Bf7 39. axb6 axb6 40.
Qc6 Qe6 41. Qb7 Re3 42. Rg5 Qxc4 43. Qc7 Qe6 44. Ba4 Rxc3 45. Bd7 Qe7 0-1

[Event "I Festival del Fermano A"]
[Site "Fermo ITA"]
[Date "2010.08.26"]
[Round "6"]
[White "Bellincampi, Stefano"]
[Black "David, Alberto"]
[WhiteElo "2047"]
[BlackElo "2622"]
[Result "0-1"]
[PlyCount "62"]
[EventDate "2010.08.21"]

1. e4 g6 2. d4 Bg7 3. Nf3 d6 4. h3 Nf6 5. Nc3 O-O 6. Be3 a6 7. Bd3 b5 8. e5
Nfd7 9. Be4 c6 10. exd6 exd6 11. O-O Re8 12. a3 Nf6 13. Bd3 Nbd7 14. Bf4 c5 15.
Bxd6 cxd4 16. Ne2 Ne4 17. Bf4 Ndc5 18. Ng3 f5 19. Qc1 Bb7 20. Ne1 Rc8 21. Rb1
Qd5 22. f3 Nd6 23. b3 Nf7 24. Qd2 Ne6 25. Ne2 Nxf4 26. Nxf4 Qd6 27. Ne2 Qxa3
28. f4 Nd6 29. Nf3 Qc5 30. Rbd1 Ne4 31. Bxe4 d3+ 0-1

[Event "I Festival del Fermano A"]
[Site "Fermo ITA"]
[Date "2010.08.26"]
[Round "6"]
[White "Calavalle, Giulio"]
[Black "Meijers, Viesturs"]
[WhiteElo "2201"]
[BlackElo "2474"]
[Result "0-1"]
[PlyCount "124"]
[EventDate "2010.08.21"]

1. e4 c5 2. Nc3 e6 3. g3 a6 4. Bg2 b5 5. d3 Bb7 6. Nge2 h5 7. h4 b4 8. Nb1 d5
9. Nd2 Nf6 10. O-O Nbd7 11. Nf4 dxe4 12. Qe1 Be7 13. Nh3 Ne5 14. Ng5 Nf3+ 15.
Ndxf3 exf3 16. Nxf3 O-O 17. Bg5 Ng4 18. Bxe7 Qxe7 19. Ne5 Bxg2 20. Kxg2 Qb7+
21. f3 Rfd8 22. Nxg4 hxg4 23. Qe4 gxf3+ 24. Kxf3 Rd5 25. Kg2 c4 26. Rf3 Rc8 27.
Kh3 Qd7 28. Raf1 Rd4 29. Qe2 e5+ 30. Kh2 cxd3 31. cxd3 f6 32. Re3 a5 33. Rd1
Rc6 34. Rd2 Rcd6 35. Qf3 R6d5 36. Qe2 Qf5 37. Kg2 a4 38. Qf3 Qg6 39. Kh2 e4 40.
Qd1 Qh6 41. Qe1 exd3 42. Re8+ Kh7 43. Qe3 Qxe3 44. Rxe3 g5 45. hxg5 fxg5 46.
Kg1 Kg6 47. Kf1 Kf5 48. Rf2+ Kg4 49. Rd2 Rc5 50. Ke1 Rc1+ 51. Kf2 Rc2 52. Ke1
Kh3 53. Kd1 b3 54. axb3 axb3 55. Re5 Ra4 56. Ke1 Ra1+ 57. Rd1 Rxd1+ 58. Kxd1 g4
59. Re3 Rxb2 60. Rxd3 Rb1+ 61. Kd2 b2 62. Kc2 Rg1 0-1

[Event "I Festival del Fermano A"]
[Site "Fermo ITA"]
[Date "2010.08.26"]
[Round "6"]
[White "Damia, Angelo"]
[Black "Olabe Odriozola, Eduardo"]
[WhiteElo "2281"]
[BlackElo "1912"]
[Result "1-0"]
[PlyCount "57"]
[EventDate "2010.08.21"]

1. e4 c5 2. a3 Nc6 3. b4 cxb4 4. axb4 Nxb4 5. d4 d5 6. c3 Nc6 7. exd5 Qxd5 8.
Na3 Bf5 9. Nc4 e6 10. Ne3 Qd8 11. d5 Ne5 12. Bb5+ Nd7 13. Nxf5 exf5 14. Qe2+
Qe7 15. Bxd7+ Kxd7 16. Be3 a6 17. Nh3 Nf6 18. O-O Ng4 19. Qb2 b5 20. Rxa6 Rxa6
21. Qxb5+ Kd8 22. Qxa6 Nxe3 23. Qa8+ Kd7 24. Qc6+ Kd8 25. Ra1 Qd7 26. Ra8+ Ke7
27. Qc5+ Qd6 28. Qxe3+ Kd7 29. Qe8+ 1-0

[Event "I Festival del Fermano A"]
[Site "Fermo ITA"]
[Date "2010.08.26"]
[Round "6"]
[White "Dervishi, Erald"]
[Black "Rago, Riccardo"]
[WhiteElo "2557"]
[BlackElo "2103"]
[Result "1-0"]
[PlyCount "57"]
[EventDate "2010.08.21"]

1. e4 c5 2. Nf3 Nc6 3. d4 cxd4 4. Nxd4 Nf6 5. Nc3 e5 6. Ndb5 d6 7. Bg5 a6 8.
Na3 b5 9. Nd5 Be7 10. Bxf6 Bxf6 11. c3 O-O 12. Nc2 Bg5 13. Be2 Rb8 14. O-O Kh8
15. Qd3 f5 16. Bf3 a5 17. a3 f4 18. Rfd1 Be6 19. b4 Ne7 20. a4 Nxd5 21. exd5
Bf5 22. Be4 Bxe4 23. Qxe4 f3 24. g3 bxa4 25. Rxa4 Qd7 26. Rxa5 Qc8 27. Ra3 Qh3
28. Ne1 Rf4 29. gxf4 1-0

[Event "I Festival del Fermano A"]
[Site "Fermo ITA"]
[Date "2010.08.26"]
[Round "6"]
[White "Epishin, Vladimir V."]
[Black "Certic, Branimir"]
[WhiteElo "2598"]
[BlackElo "2421"]
[Result "1-0"]
[PlyCount "99"]
[EventDate "2010.08.21"]

1. d4 d5 2. Nf3 e6 3. c4 c6 4. Nbd2 Nd7 5. e4 dxe4 6. Nxe4 Ngf6 7. Nxf6+ Nxf6
8. g3 Bb4+ 9. Bd2 Bxd2+ 10. Qxd2 Ne4 11. Qe3 Qa5+ 12. Nd2 Nd6 13. Qe5 Qxe5+ 14.
dxe5 Nf5 15. O-O-O O-O 16. Bg2 Rb8 17. b4 c5 18. bxc5 Bd7 19. Nb3 Ba4 20. Rd3
Rfc8 21. Kb2 g5 22. Be4 Ne7 23. f4 Bxb3 24. axb3 Rxc5 25. Rhd1 b5 26. Rd8+ Rxd8
27. Rxd8+ Kg7 28. Kc3 gxf4 29. gxf4 bxc4 30. bxc4 Rc7 31. Kd4 Ng6 32. c5 Ne7
33. Rd6 Nc8 34. Kc4 Kf8 35. Kb5 Ke7 36. Bxh7 a5 37. Be4 a4 38. Ra6 Rd7 39. Rxa4
Kd8 40. Ra3 Kc7 41. Rd3 Re7 42. c6 Nb6 43. Ra3 Nc8 44. Kc5 f5 45. exf6 Rf7 46.
Rd3 Nb6 47. Rg3 Na4+ 48. Kb4 Rxf6 49. Kxa4 Rxf4 50. Re3 1-0

[Event "I Festival del Fermano A"]
[Site "Fermo ITA"]
[Date "2010.08.26"]
[Round "6"]
[White "Fierro Baquero, Martha Lorena"]
[Black "Pap, Gyula"]
[WhiteElo "2372"]
[BlackElo "2508"]
[Result "1-0"]
[PlyCount "79"]
[EventDate "2010.08.21"]

1. e4 c5 2. Nf3 e6 3. g3 a6 4. Bg2 b5 5. O-O Bb7 6. Re1 Nf6 7. e5 Nd5 8. d4 Qb6
9. Nbd2 cxd4 10. Nb3 Nc6 11. Nfxd4 Nxd4 12. Qxd4 Qxd4 13. Nxd4 Bc5 14. Nb3 Bb6
15. a4 O-O 16. axb5 axb5 17. Bd2 Rfc8 18. Ba5 Ba7 19. c3 Bc6 20. Nd4 Bc5 21.
Nxc6 dxc6 22. b3 Ne7 23. c4 b4 24. Ra4 Rab8 25. Be4 Ng6 26. Bxg6 fxg6 27. Re2
g5 28. h3 Rb7 29. Rd2 Kf7 30. Kg2 Kg6 31. Bd8 Rf7 32. Ba5 Rcf8 33. Raa2 Rf3 34.
Bc7 Rxb3 35. Bd6 Bxd6 36. Rxd6 c5 37. Rxe6+ Kf5 38. Rc6 Kxe5 39. Rd2 Kf5 40.
Rd5+ 1-0

[Event "I Festival del Fermano A"]
[Site "Fermo ITA"]
[Date "2010.08.26"]
[Round "6"]
[White "Popa, Claudiu"]
[Black "Mogranzini, Roberto"]
[WhiteElo "2211"]
[BlackElo "2387"]
[Result "0-1"]
[PlyCount "96"]
[EventDate "2010.08.21"]

1. e4 c5 2. c3 d5 3. exd5 Qxd5 4. d4 Nc6 5. Nf3 Bg4 6. Be2 cxd4 7. cxd4 e6 8.
O-O Nf6 9. h3 Bh5 10. Be3 Bd6 11. Nc3 Qa5 12. Qb3 Qb4 13. Qxb4 Nxb4 14. Nb5 Bb8
15. Rfc1 O-O 16. Nc7 Bxc7 17. Rxc7 Rab8 18. Rc4 Nbd5 19. g4 Bg6 20. Ne5 Rfd8
21. Nxg6 hxg6 22. Bf3 Nb6 23. Rc2 Nfd5 24. a3 f6 25. Rac1 g5 26. Kg2 Kf7 27.
Kg3 Ke7 28. Bd2 Rbc8 29. Rxc8 Rxc8 30. Rxc8 Nxc8 31. h4 gxh4+ 32. Kxh4 g5+ 33.
Kg3 Kd6 34. Be2 Nce7 35. Kf3 Nc6 36. Ke4 f5+ 37. gxf5 exf5+ 38. Kd3 g4 39. Bg5
Nce7 40. Bd1 Ng6 41. Kc4 Ngf4 42. Bh4 Ng6 43. Bg5 Ngf4 44. Bh4 Ng2 45. Bg5 g3
46. Bf3 Ne1 47. Bxd5 gxf2 48. Bf4+ Kd7 0-1

[Event "I Festival del Fermano A"]
[Site "Fermo ITA"]
[Date "2010.08.26"]
[Round "6"]
[White "Prohaszka, Peter"]
[Black "Bernardi, Ruben"]
[WhiteElo "2526"]
[BlackElo "2212"]
[Result "1-0"]
[PlyCount "41"]
[EventDate "2010.08.21"]

1. d4 d5 2. Nf3 c6 3. c4 a6 4. g3 Nf6 5. Bg2 dxc4 6. O-O b5 7. Nc3 e6 8. a4 Bb7
9. Ne5 Qc8 10. b3 b4 11. Ne4 Nxe4 12. Bxe4 c3 13. Nc4 Nd7 14. a5 c5 15. d5 exd5
16. Bxd5 Be7 17. Bg5 Bf8 18. Qd3 Bxd5 19. Qxd5 f6 20. Qe6+ Kd8 21. Rad1 1-0

[Event "I Festival del Fermano A"]
[Site "Fermo ITA"]
[Date "2010.08.26"]
[Round "6"]
[White "Salvador, Roland"]
[Black "Vezzosi, Paolo"]
[WhiteElo "2498"]
[BlackElo "2362"]
[Result "1-0"]
[PlyCount "75"]
[EventDate "2010.08.21"]

1. d4 Nf6 2. Nf3 g6 3. c4 c5 4. d5 d6 5. g3 e6 6. Bg2 exd5 7. cxd5 b5 8. O-O
Bg7 9. e4 O-O 10. e5 dxe5 11. Nxe5 Bb7 12. Nc6 Qb6 13. Qf3 Re8 14. Nc3 b4 15.
Bg5 Nbd7 16. Na4 Qb5 17. b3 Ne5 18. Nxe5 Rxe5 19. Bxf6 Rf5 20. Qxf5 gxf5 21.
Bxg7 Kxg7 22. Rac1 Rd8 23. Rfd1 Rd6 24. Nxc5 Ba8 25. Rc4 a5 26. Rdd4 Qe8 27.
Bf3 Qe1+ 28. Kg2 Qa1 29. Rd2 Qe1 30. Rcc2 Qe7 31. Rd4 Qe5 32. Rcd2 Kg8 33. R4d3
Kg7 34. Re2 Qa1 35. Re8 Qc1 36. Rc8 Kh6 37. Rd4 f4 38. Rc4 1-0

[Event "I Festival del Fermano A"]
[Site "Fermo ITA"]
[Date "2010.08.26"]
[Round "6"]
[White "Schweizer, Manfred"]
[Black "Martinez, Rolly"]
[WhiteElo "2091"]
[BlackElo "2429"]
[Result "0-1"]
[PlyCount "66"]
[EventDate "2010.08.21"]

1. Nf3 Nf6 2. g3 d5 3. c4 d4 4. e3 Nc6 5. exd4 Nxd4 6. Bg2 c6 7. Na3 Bf5 8. O-O
e6 9. Nxd4 Qxd4 10. Qb3 O-O-O 11. Nc2 Qb6 12. Ne3 Bd3 13. Re1 Bc5 14. Bf1 Ne4
15. Bxd3 Qxb3 16. axb3 Rxd3 17. b4 Bd4 18. Ra3 Rxa3 19. bxa3 Rd8 20. d3 Nc3 21.
Bb2 Na4 22. Bc1 Bb2 23. c5 b5 24. cxb6 axb6 25. Nc4 Bc3 26. Rd1 b5 27. Na5 Kc7
28. Kf1 c5 29. Nb3 c4 30. Nc5 Nxc5 31. bxc5 cxd3 32. Be3 Kc6 33. f4 Bb2 0-1

[Event "I Festival del Fermano A"]
[Site "Fermo ITA"]
[Date "2010.08.26"]
[Round "6"]
[White "Suppa, Ercole"]
[Black "Leon Hoyos, Manuel"]
[WhiteElo "2121"]
[BlackElo "2556"]
[Result "0-1"]
[PlyCount "90"]
[EventDate "2010.08.21"]

1. d4 d6 2. e4 g6 3. Nc3 Bg7 4. Nf3 a6 5. Be2 b5 6. a4 b4 7. Nd5 Bb7 8. Nxb4
Bxe4 9. O-O Nf6 10. Ng5 Bb7 11. Bf3 d5 12. c3 O-O 13. Re1 Nbd7 14. Nd3 h6 15.
Nh3 Ne4 16. Be3 g5 17. Be2 e6 18. f3 Nd6 19. Bc1 Rc8 20. f4 Ne4 21. Bf3 c5 22.
Be3 cxd4 23. Bxd4 Bxd4+ 24. cxd4 Rc4 25. Bxe4 dxe4 26. Ndf2 Nf6 27. fxg5 hxg5
28. Nxg5 Qxd4 29. Qb3 Ng4 30. Ngh3 Nxf2 31. Nxf2 Rb4 32. Qg3+ Qg7 33. Qh3 f5
34. Re3 Kf7 35. Rg3 Qh8 36. Rc1 Qxh3 37. Nxh3 Rxb2 38. Ng5+ Ke7 39. Nh7 Rc8 40.
Rg7+ Kd6 41. Rd1+ Ke5 42. g4 e3 43. gxf5 Rcc2 44. Re1 Re2 45. Rc1 Rxh2 0-1

[Event "I Festival del Fermano A"]
[Site "Fermo ITA"]
[Date "2010.08.26"]
[Round "6"]
[White "Vuelban, Virgilio"]
[Black "Panjkovic, Aleksandar"]
[WhiteElo "2358"]
[BlackElo "2121"]
[Result "1/2-1/2"]
[PlyCount "112"]
[EventDate "2010.08.21"]

1. e4 d6 2. d4 Nf6 3. Nc3 g6 4. f4 Bg7 5. Nf3 O-O 6. Bd3 Na6 7. O-O c5 8. d5
Bg4 9. h3 Bxf3 10. Rxf3 Rc8 11. Bc4 Nd7 12. Be3 Nb6 13. Bxa6 bxa6 14. Qe2 c4
15. Rd1 Qd7 16. Bd4 Na4 17. Bxg7 Kxg7 18. e5 Nxb2 19. Rd4 Rc5 20. Ne4 Ra5 21.
f5 dxe5 22. f6+ exf6 23. Nxf6 Qd6 24. Rh4 h6 25. Qd2 Qb6+ 26. Kh1 Rh8 27. Ne8+
Kf8 28. Rxh6 Rxh6 29. Qxh6+ Kxe8 30. Qh8+ Ke7 31. Qxe5+ Kf8 32. Qh8+ Ke7 33.
Qg7 Qd8 34. Rxf7+ Kd6 35. Qxb2 Rxd5 36. Rxa7 a5 37. Ra6+ Kc5 38. Qa3+ Kb5 39.
Rxg6 Rd1+ 40. Kh2 Qc7+ 41. Rg3 Qe5 42. Qe3 Qxe3 43. Rxe3 Rd2 44. h4 Rxc2 45. h5
Rxa2 46. h6 Rd2 47. Rh3 Rd8 48. g4 Kb4 49. h7 Rh8 50. g5 c3 51. g6 c2 52. g7
Rxh7 53. Rxh7 c1=Q 54. Rh4+ Ka3 55. g8=Q Qc2+ 56. Kg3 Qb3+ 1/2-1/2

[Event "I Festival del Fermano A"]
[Site "Fermo ITA"]
[Date "2010.08.27"]
[Round "7"]
[White "Bonagura, Stefano"]
[Black "Rebeggiani, Luca"]
[WhiteElo "2130"]
[BlackElo "2036"]
[Result "0-1"]
[PlyCount "114"]
[EventDate "2010.08.21"]

1. c4 g6 2. g3 Bg7 3. Bg2 c5 4. Nc3 Nc6 5. e3 e5 6. Nge2 Nge7 7. O-O O-O 8. d3
a6 9. b3 Rb8 10. Bb2 d6 11. Nd5 b5 12. Qd2 Bb7 13. f4 Nxd5 14. cxd5 Ne7 15. e4
f6 16. Kh1 Bh6 17. g4 g5 18. fxe5 fxe5 19. Ng3 Ng6 20. Nf5 Bg7 21. Rac1 b4 22.
a3 a5 23. axb4 axb4 24. Ra1 Nf4 25. h4 Bf6 26. Nh6+ Kg7 27. Nf5+ Kg8 28. h5 Qb6
29. Rfd1 Ra8 30. Bf1 Rxa1 31. Rxa1 Ra8 32. Qd1 Bd8 33. Rxa8 Bxa8 34. Qa1 Bb7
35. Qa4 Kf8 36. Qd7 Qc7 37. Qxd6+ Qxd6 38. Nxd6 Ba6 39. Bxe5 Nxd3 40. Bg3 Bc7
41. Kh2 c4 42. Nxc4 Bxg3+ 43. Kxg3 Bxc4 44. bxc4 Ne5 45. Be2 b3 46. Bd1 b2 47.
Bc2 Nxc4 48. e5 h6 49. e6 Ne3 50. Bd3 Nxd5 51. Kf3 Nf4 52. Bc2 Nxe6 53. Ke4 Ke7
54. Ke5 Nc7 55. Kf5 Kf7 56. Ke4 Nb5 57. Ke3 Na3 0-1

[Event "I Festival del Fermano A"]
[Site "Fermo ITA"]
[Date "2010.08.27"]
[Round "7"]
[White "Cordova, Emilio"]
[Black "Certic, Branimir"]
[WhiteElo "2560"]
[BlackElo "2421"]
[Result "1-0"]
[PlyCount "123"]
[EventDate "2010.08.21"]

1. d4 e6 2. Nf3 d5 3. c4 dxc4 4. e3 Nf6 5. Bxc4 Nbd7 6. O-O a6 7. Qe2 b5 8. Bd3
Bb7 9. a4 c5 10. axb5 axb5 11. Rxa8 Qxa8 12. Bxb5 Bxf3 13. Qxf3 Qxf3 14. gxf3
cxd4 15. Rd1 Bc5 16. exd4 Bb4 17. Nc3 O-O 18. d5 Nb6 19. dxe6 fxe6 20. Ne4 Nfd5
21. Kg2 h6 22. Kg3 Ne7 23. f4 Nf5+ 24. Kh3 Nd5 25. Bc4 Nfe7 26. Kg4 Kh8 27. h4
Rd8 28. Kf3 Nf5 29. h5 Nh4+ 30. Ke2 Ng2 31. Bxd5 exd5 32. Ng3 Re8+ 33. Kf1 Nh4
34. Be3 Rd8 35. Ke2 Be7 36. Bd4 Kg8 37. Rb1 Bb4 38. Rh1 Ng2 39. Kf3 Ne1+ 40.
Kg4 Nc2 41. Nf5 Nxd4 42. Nxd4 Rc8 43. Rd1 Kf7 44. Kf5 Be7 45. Nf3 Rc2 46. Ne5+
Kg8 47. Ra1 Rc8 48. Ke6 Bf6 49. Kxd5 Rb8 50. b4 Rxb4 51. Ra8+ Kh7 52. Ng6 Rd4+
53. Ke6 Rd8 54. Rxd8 Bxd8 55. Kf7 Bf6 56. f5 Bc3 57. Nf8+ Kh8 58. Ne6 Kh7 59.
Nxg7 Bb2 60. f6 Bd4 61. f3 Bb2 62. Nf5 1-0

[Event "I Festival del Fermano A"]
[Site "Fermo ITA"]
[Date "2010.08.27"]
[Round "7"]
[White "Garro Beraza, Haritz"]
[Black "Schweizer, Manfred"]
[WhiteElo "2171"]
[BlackElo "2091"]
[Result "1-0"]
[PlyCount "51"]
[EventDate "2010.08.21"]

1. e4 d6 2. d4 Nf6 3. Nc3 g6 4. g3 Bg7 5. Bg2 O-O 6. Nge2 a6 7. h3 e5 8. a4 Nc6
9. Be3 Rb8 10. a5 Bd7 11. O-O exd4 12. Nxd4 Re8 13. Re1 Re5 14. Nb3 Qc8 15. f4
Re8 16. Kh2 h5 17. Qd2 Bh6 18. Rf1 Kg7 19. Nd4 Rh8 20. Qf2 h4 21. g4 Nxg4+ 22.
hxg4 h3 23. Bf3 Bxg4 24. Bxg4 Qxg4 25. Rg1 Qh5 26. Nd5 1-0

[Event "I Festival del Fermano A"]
[Site "Fermo ITA"]
[Date "2010.08.27"]
[Round "7"]
[White "Graziani, Claudio"]
[Black "Vuelban, Virgilio"]
[WhiteElo "2000"]
[BlackElo "2358"]
[Result "1-0"]
[PlyCount "57"]
[EventDate "2010.08.21"]

1. e4 e6 2. Nf3 c5 3. d4 cxd4 4. Nxd4 Nf6 5. Nc3 Nc6 6. a3 Qc7 7. Be2 a6 8. Be3
Be7 9. f4 d6 10. O-O O-O 11. Qe1 Bd7 12. Qg3 Nxd4 13. Bxd4 Bc6 14. Rad1 b5 15.
Bf3 Rfd8 16. Rfe1 Qb7 17. Kh1 a5 18. Nd5 exd5 19. exd5 Be8 20. Rxe7 Qxe7 21.
Re1 Qf8 22. Bxf6 Rd7 23. Be4 Rc7 24. Qh4 h6 25. Re3 g6 26. Rh3 h5 27. Qxh5 gxh5
28. Rg3+ Qg7 29. Rxg7+ 1-0

[Event "I Festival del Fermano A"]
[Site "Fermo ITA"]
[Date "2010.08.27"]
[Round "7"]
[White "Leon Hoyos, Manuel"]
[Black "Damia, Angelo"]
[WhiteElo "2556"]
[BlackElo "2281"]
[Result "1-0"]
[PlyCount "69"]
[EventDate "2010.08.21"]

1. c4 Nf6 2. g3 c6 3. Nf3 d5 4. Bg2 g6 5. b3 Bg7 6. Bb2 Qb6 7. Qc2 Bf5 8. d3
dxc4 9. Qxc4 Ng4 10. d4 Bxb1 11. Rxb1 Qa5+ 12. Qc3 Qxc3+ 13. Bxc3 Nd7 14. O-O
e5 15. h3 exd4 16. Nxd4 Nh6 17. Rfd1 Nb6 18. e4 O-O-O 19. a4 c5 20. Rbc1 Rhe8
21. Ba1 Bf8 22. a5 Nd7 23. f4 a6 24. Kf2 Kb8 25. Nc2 Ka7 26. Ne3 Nb8 27. Nd5
Ng8 28. Bc3 Nc6 29. e5 Rd7 30. Nb6 Rxd1 31. Rxd1 Nd4 32. b4 Ne6 33. Rd7 Rb8 34.
Nc8+ Ka8 35. b5 1-0

[Event "I Festival del Fermano A"]
[Site "Fermo ITA"]
[Date "2010.08.27"]
[Round "7"]
[White "Martinez, Rolly"]
[Black "Dervishi, Erald"]
[WhiteElo "2429"]
[BlackElo "2557"]
[Result "1/2-1/2"]
[PlyCount "118"]
[EventDate "2010.08.21"]

1. e4 e5 2. Nf3 Nc6 3. Nc3 Nf6 4. Bb5 Nd4 5. Nxd4 exd4 6. e5 dxc3 7. exf6 Qxf6
8. dxc3 c6 9. Bd3 d5 10. O-O Bd6 11. Qh5 h6 12. Re1+ Be6 13. Be3 O-O 14. Bd4
Qg5 15. Qxg5 hxg5 16. Be5 Be7 17. a4 Rfe8 18. a5 a6 19. b4 f6 20. Bd4 Bd6 21.
Bg6 Bf7 22. Bf5 g6 23. Bd3 Kg7 24. Kf1 g4 25. Rxe8 Rxe8 26. g3 Be6 27. Re1 Kf7
28. Kg2 Rg8 29. f3 gxf3+ 30. Kxf3 Bh3 31. Bc5 Be5 32. Bd4 Bc7 33. Bc5 Be6 34.
Kg2 Re8 35. Rf1 Bg4 36. Bd4 f5 37. Rf2 Re1 38. h3 Bd1 39. Rd2 Bh5 40. Rf2 Bd1
41. Rd2 Bh5 42. Rf2 Ke7 43. g4 fxg4 44. hxg4 Bxg4 45. Bxg6 Be6 46. Bd3 Rd1 47.
Kf3 Rg1 48. Ke3 Rg3+ 49. Kd2 Bd6 50. Kc1 Rg4 51. Kb2 Rf4 52. Re2 Kd7 53. Ka3
Bf5 54. Rg2 Bxd3 55. Rg7+ Ke6 56. cxd3 Rf7 57. Rg6+ Kd7 58. Kb3 Rh7 59. Rg8 Rf7
1/2-1/2

[Event "I Festival del Fermano A"]
[Site "Fermo ITA"]
[Date "2010.08.27"]
[Round "7"]
[White "Meijers, Viesturs"]
[Black "Fierro Baquero, Martha Lorena"]
[WhiteElo "2474"]
[BlackElo "2372"]
[Result "1/2-1/2"]
[PlyCount "57"]
[EventDate "2010.08.21"]

1. c4 g6 2. Nc3 Bg7 3. b3 Nf6 4. Bb2 d6 5. Nf3 e5 6. g3 O-O 7. Bg2 c6 8. O-O
Re8 9. d3 h6 10. b4 d5 11. cxd5 Nxd5 12. Qb3 Be6 13. Nxd5 Bxd5 14. Qc3 Nd7 15.
e4 Be6 16. d4 Bg4 17. dxe5 Nxe5 18. Nxe5 Bxe5 19. Qc1 Bxb2 20. Qxb2 Qb6 21. h3
Be6 22. a3 Rad8 23. Kh2 Qd4 24. Qc1 Qd2 25. Qc5 Qd4 26. Qc2 Qd2 27. Qc5 Qd4 28.
Qc2 Qd2 29. Qc5 1/2-1/2